| 000 | 01020nam a2200301 4500 | ||
|---|---|---|---|
| 003 | EC-UNACH | ||
| 005 | 20251016121451.0 | ||
| 006 | s||||gr|||| 00| 00 | ||
| 008 | 150116t9999 mx r gr 000 0 spa d | ||
| 020 | _a978-9978-9915-6-5 | ||
| 040 |
_aEC-UNACH _cEC-UNACH |
||
| 041 | _aspa | ||
| 082 | 0 | 4 |
_223 _a345.08 _bL004935 |
| 110 | _aCevallos | ||
| 245 | _aAdopción legislación , doctrina y practica | ||
| 250 | _aPrimera Edición | ||
| 264 |
_aEcuador _bCevallos _c2008 |
||
| 300 | _a207 | ||
| 505 | _aCapítulo 1- Nociones preliminares de la adopción Capitulo 2- Partes intervinientes en la adopción Capitulo 3- El tramite Capitulo 4- Causas y efectos de la adopción Capitulo 5- Causas que finalizan el régimen adoptivo Capitulo 6- Practica | ||
| 650 | _aAdopción | ||
| 650 | _aLegislación | ||
| 650 | _aDoctrina | ||
| 700 | _aJuan Pablo Cabrera Vélez | ||
| 942 |
_2ddc _c1 |
||
| 999 | _c14018 | ||